[Event "Catalunya-chT Gp1"]
[Site "Barcelona"]
[Date "2024.02.24"]
[Round "6.7"]
[White "Moreno Martin Viveros, Alvaro"]
[Black "Terry Cuellar, Luis Antonio"]
[Result "1-0"]
[WhiteElo "2159"]
[BlackElo "2094"]
[PlyCount "107"]
[EventDate "2024.01.20"]
[EventType "team-tourn"]
[EventRounds "7"]
[EventCountry "ESP"]
[SourceTitle "CB11_2024"]
[SourceDate "2024.03.13"]
[SourceVersion "1"]
[SourceVersionDate "2024.03.13"]
[SourceQuality "1"]
[WhiteTeam "Tres Peons"]
[BlackTeam "Olot"]
[WhiteTeamCountry "ESP"]
[BlackTeamCountry "ESP"]

1. e4 d6 2. d4 Nf6 3. Nc3 e5 4. dxe5 dxe5 5. Qxd8+ Kxd8 6. Nf3 Bd6 7. Be3 a6 8. 0-0-0 Nc6 9. Nd2 Be6 10. Nc4 Ke7 11. Nd5+ Bxd5 12. exd5 Nb8 13. h3 h6 14. g4 Nbd7 15. Bg2 a5 16. Bd2 a4 17. Rhe1 Kd8 18. a3 Re8 19. Bc3 Ng8 20. Re2 f6 21. Bb4 Ra6 22. h4 Ne7 23. Be4 Nc8 24. Bd2 Nc5 25. Bg2 Nb6 26. Ne3 e4 27. Bb4 h5 28. Nf5 Nbd7 29. Nxg7 Rg8 30. Ne6+ Kc8 31. g5 fxg5 32. hxg5 Nxe6 33. dxe6 Bf4+ 34. Kb1 Rxe6 35. Bh3 Rd6 36. Bxd6 Bxd6 37. Rxe4 Kd8 38. f4 Nc5 39. Re5 b6 40. Rf5 Ne4 41. Bg2 Ng3 42. Rf6 h4 43. Bc6 Nh5 44. Rf7 h3 45. f5 Rxg5 46. Rd7+ Kc8 47. Rh7 Kd8 48. Re1 Rg8 49. Rxh5 h2 50. Ka2 b5 51. f6 b4 52. f7 b3+ 53. cxb3 axb3+ 54. Kxb3 1-0

[Event "Catalunya-chT Gp1"]
[Site "Barcelona"]
[Date "2024.02.10"]
[Round "4.7"]
[White "Moreno Martin Viveros, Alvaro"]
[Black "Hernando Rodrigo, Julio Antonio"]
[Result "1/2-1/2"]
[WhiteElo "2159"]
[BlackElo "2207"]
[PlyCount "63"]
[EventDate "2024.01.20"]
[EventType "team-tourn"]
[EventRounds "7"]
[EventCountry "ESP"]
[SourceTitle "CB11_2024"]
[SourceDate "2024.03.13"]
[SourceVersion "1"]
[SourceVersionDate "2024.03.13"]
[SourceQuality "1"]
[WhiteTeam "Tres Peons"]
[BlackTeam "Ateneu Colon"]
[WhiteTeamCountry "ESP"]
[BlackTeamCountry "ESP"]

1. e4 e6 2. d4 d5 3. exd5 exd5 4. c4 Nf6 5. Nc3 Bb4 6. Bd3 0-0 7. Nge2 dxc4 8. Bxc4 Nc6 9. 0-0 Bf5 10. a3 Bd6 11. Nb5 h6 12. Nxd6 cxd6 13. d5 Ne5 14. Ba2 Re8 15. Ng3 Bd3 16. Re1 Bh7 17. Bd2 Nfg4 18. Be3 Qh4 19. h3 Nxe3 20. Rxe3 f5 21. Qh5 Qf6 22. f4 Nf7 23. Re6 Qxb2 24. Rae1 Rf8 25. Bb1 Qd4+ 26. Kh2 Qxf4 27. Bxf5 Ne5 28. Re4 Qf2 29. Re2 Qf4 30. Re4 Qf2 31. Re2 Qf4 32. Re4 1/2-1/2

[Event "Aragon-chT Honor Gr II"]
[Site "Aragon"]
[Date "2021.05.08"]
[Round "7.18"]
[White "Ciriano Lamban, Alejandro"]
[Black "Moreno Martin Viveros, Alvaro"]
[Result "1-0"]
[WhiteElo "2030"]
[BlackElo "2151"]
[PlyCount "107"]
[EventDate "2021.03.13"]
[EventType "team-tourn"]
[EventRounds "7"]
[EventCountry "ESP"]
[SourceTitle "EXT 2024"]
[Source "ChessBase"]
[SourceDate "2023.10.10"]
[SourceVersion "1"]
[SourceVersionDate "2023.10.10"]
[SourceQuality "1"]
[WhiteTeam "Marcos Frechin"]
[BlackTeam "Agrupacion"]
[WhiteTeamCountry "ESP"]
[BlackTeamCountry "ESP"]

1. Nf3 Nf6 2. c4 e6 3. d4 d5 4. g3 Be7 5. Bg2 0-0 6. 0-0 dxc4 7. Nbd2 c5 8. Nxc4 Nc6 9. dxc5 Qxd1 10. Rxd1 Bxc5 11. Be3 Bxe3 12. Nxe3 Bd7 13. Nc4 Rad8 14. Rac1 h6 15. Ne1 Rb8 16. Nd3 Nd8 17. Nde5 Bb5 18. Bf3 Nc6 19. Nxc6 Bxc6 20. Bxc6 bxc6 21. b3 Rfc8 22. Ne5 Rb6 23. Rc4 c5 24. Rdc1 Ra6 25. R1c2 Nd5 26. Nd3 Nb6 27. Rxc5 Rxc5 28. Nxc5 Ra3 29. e4 Kf8 30. Kf1 Ke7 31. Ke1 f5 32. e5 Nd5 33. Nd3 g5 34. Kd2 Ra5 35. a4 Ra6 36. Kc1 Rb6 37. Kb2 Kd7 38. Ka3 Ne7 39. a5 Rc6 40. Nc5+ Kc8 41. b4 a6 42. Kb3 Kb8 43. Rd2 Ng6 44. Rd6 Nxe5 45. Rxc6 Nxc6 46. Nxa6+ Ka7 47. Nc5 e5 48. Kc4 e4 49. Nb3 Ne5+ 50. Kd5 Nd3 51. b5 Nxf2 52. b6+ Ka8 53. Kc6 Nd3 54. Kc7 1-0

[Event "Aragon-chT Honor Gr II"]
[Site "Aragon"]
[Date "2021.05.01"]
[Round "6.3"]
[White "Moreno Martin Viveros, Alvaro"]
[Black "Quintin Navarro, Alberto"]
[Result "0-1"]
[WhiteElo "2151"]
[BlackElo "2394"]
[PlyCount "44"]
[EventDate "2021.03.13"]
[EventType "team-tourn"]
[EventRounds "7"]
[EventCountry "ESP"]
[SourceTitle "EXT 2024"]
[Source "ChessBase"]
[SourceDate "2023.10.10"]
[SourceVersion "1"]
[SourceVersionDate "2023.10.10"]
[SourceQuality "1"]
[WhiteTeam "Agrupacion"]
[BlackTeam "Casablanca MyInvestor"]
[WhiteTeamCountry "ESP"]
[BlackTeamCountry "ESP"]

1. e4 e5 2. Nf3 Nc6 3. Bc4 Nf6 4. d4 exd4 5. 0-0 Bc5 6. e5 d5 7. exf6 dxc4 8. fxg7 Rg8 9. Bg5 f6 10. Re1+ Kf7 11. Bh6 Bf5 12. Nh4 Bg6 13. Qe2 Qd5 14. Nc3 dxc3 15. Rad1 Rge8 16. Rxd5 Rxe2 17. Rxe2 cxb2 18. Rd7+ Kg8 19. Rd1 Nd4 20. Red2 Bxc2 21. Rxc2 Nxc2 22. Nf3 c3 0-1

[Event "Aragon-chT Honor Gr II"]
[Site "Aragon"]
[Date "2021.03.27"]
[Round "3.14"]
[White "Moreno Martin Viveros, Alvaro"]
[Black "Villuendas Valero, Adrian"]
[Result "1/2-1/2"]
[WhiteElo "2151"]
[BlackElo "2249"]
[PlyCount "34"]
[EventDate "2021.03.13"]
[EventType "team-tourn"]
[EventRounds "7"]
[EventCountry "ESP"]
[SourceTitle "EXT 2024"]
[Source "ChessBase"]
[SourceDate "2023.10.10"]
[SourceVersion "1"]
[SourceVersionDate "2023.10.10"]
[SourceQuality "1"]
[WhiteTeam "Agrupacion"]
[BlackTeam "El Olivar"]
[WhiteTeamCountry "ESP"]
[BlackTeamCountry "ESP"]

1. e4 e6 2. d4 d5 3. exd5 exd5 4. Bd3 Nc6 5. c3 Bd6 6. Qf3 Nge7 7. Ne2 Be6 8. Bf4 Ng6 9. Bxd6 Qxd6 10. Nd2 Nce7 11. 0-0 h5 12. Qg3 0-0-0 13. Qxd6 Rxd6 14. Nf3 f6 15. Rfe1 Bf5 16. Bxf5+ Nxf5 17. Ng3 Nxg3 1/2-1/2

[Event "Aragon-chT Honor Gr-II"]
[Site "Aragon"]
[Date "2020.02.29"]
[Round "6.11"]
[White "Laliena Solanes, Luis M"]
[Black "Moreno Martin Viveros, Alvaro"]
[Result "1/2-1/2"]
[WhiteElo "2185"]
[BlackElo "2160"]
[PlyCount "146"]
[EventDate "2020.01.25"]
[EventType "team-tourn"]
[EventRounds "7"]
[EventCountry "ESP"]
[SourceTitle "EXT 2022"]
[Source "ChessBase"]
[SourceDate "2021.10.06"]
[SourceVersion "1"]
[SourceVersionDate "2021.10.06"]
[SourceQuality "1"]
[WhiteTeam "Aragon ONCE"]
[BlackTeam "Agrupacion"]
[WhiteTeamCountry "ESP"]
[BlackTeamCountry "ESP"]

1. e4 e6 2. d4 d5 3. Nc3 Bb4 4. Nge2 dxe4 5. a3 Be7 6. Nxe4 Nf6 7. N2g3 Nbd7 8. Be2 Nxe4 9. Nxe4 Nf6 10. Bf3 0-0 11. 0-0 c6 12. c3 Qc7 13. Re1 Rd8 14. Qe2 b6 15. g3 Nxe4 16. Bxe4 Bb7 17. Bf4 Bd6 18. Be5 Bxe5 19. dxe5 c5 20. Rad1 Bxe4 21. Qxe4 Rxd1 22. Rxd1 Rd8 23. Rd6 Rxd6 24. exd6 Qxd6 25. Qa8+ Qf8 26. Qxa7 Qd8 27. Qb7 c4 28. h4 Kf8 29. Qc6 Qd1+ 30. Kh2 Qb3 31. Qc8+ Ke7 32. Qc7+ Kf6 33. Qd8+ Kf5 34. g4+ Kxg4 35. Qg5+ Kf3 36. Qe3+ Kg4 37. Qe4+ Kh5 38. Qxh7+ Kg4 39. Qxg7+ Kxh4 40. Qf6+ Kg4 41. f3+ Kh5 42. Qxf7+ Kg5 43. Kg3 e5 44. Qg7+ Kf5 45. Qf7+ Kg5 46. Qd5 Kf6 47. Kg4 Qxb2 48. Qd6+ Kf7 49. Qd7+ Kf8 50. Qf5+ Kg8 51. Qxe5 Qxa3 52. Qe6+ Kg7 53. Qxc4 Qb2 54. Qc7+ Kf6 55. Qd6+ Kf7 56. Qd4 Qg2+ 57. Kf4 Qh2+ 58. Ke4 Qe2+ 59. Qe3 Qc4+ 60. Kf5 Qd5+ 61. Kg4 Qd7+ 62. Kg3 Qc6 63. Qf4+ Kg7 64. Qe5+ Kf7 65. Kf4 b5 66. Qf5+ Kg7 67. Qg5+ Kf7 68. Qe5 Qa6 69. Ke4 Qa4+ 70. Kd5 Qc4+ 71. Kd6 b4 72. cxb4 Qxb4+ 73. Kd5 Qb7+ 1/2-1/2

[Event "Estadilla op 33rd"]
[Site "Estadilla"]
[Date "2019.05.19"]
[Round "5"]
[White "Moreno Martin Viveros, Alvaro"]
[Black "Kovacevic, Slobodan"]
[Result "1-0"]
[WhiteElo "2092"]
[BlackElo "2243"]
[PlyCount "99"]
[EventDate "2019.05.19"]
[EventType "swiss (rapid)"]
[EventRounds "9"]
[EventCountry "ESP"]
[SourceTitle "EXT 2020"]
[Source "ChessBase"]
[SourceDate "2019.10.17"]
[SourceVersion "1"]
[SourceVersionDate "2019.10.17"]
[SourceQuality "1"]

1. e4 c5 2. Nf3 e6 3. b3 a6 4. Bb2 d6 5. d4 cxd4 6. Nxd4 Nf6 7. Nc3 b5 8. a3 Bb7 9. Bd3 Nbd7 10. b4 Be7 11. 0-0 0-0 12. Kh1 Qc7 13. f4 Rfe8 14. Nf3 g6 15. f5 Bf8 16. fxe6 fxe6 17. e5 dxe5 18. Ng5 Bg7 19. Nce4 Re7 20. Rc1 Bd5 21. Qe2 Rc8 22. Nxf6+ Bxf6 23. Rxf6 Nxf6 24. Bxe5 Qc6 25. Bxf6 Ree8 26. Nxh7 Bxg2+ 27. Qxg2 Qxg2+ 28. Kxg2 Kxh7 29. Re1 Rc7 30. Re3 Kg8 31. Bxg6 Rec8 32. Rh3 Rxc2+ 33. Bxc2 Rxc2+ 34. Kg3 Kf7 35. Bd4 Rd2 36. Bc5 Kf6 37. Rh7 Rd3+ 38. Kf4 Rxa3 39. Rh6+ Kf7 40. h4 a5 41. bxa5 Rxa5 42. Bd4 b4 43. Rf6+ Ke7 44. Rg6 Kd6 45. Rg5 Ra4 46. h5 b3 47. Ke3 Kc6 48. h6 Ra2 49. h7 b2 50. Bxb2 1-0

[Event "Aragon-chT Honor Gr-A"]
[Site "Aragon"]
[Date "2019.01.26"]
[Round "1.15"]
[White "Moreno Martin Viveros, Alvaro"]
[Black "Gella Lopez, Angel"]
[Result "1-0"]
[WhiteElo "2082"]
[BlackElo "2100"]
[PlyCount "127"]
[EventDate "2019.01.26"]
[EventType "team-tourn"]
[EventRounds "7"]
[EventCountry "ESP"]
[SourceTitle "EXT 2020"]
[Source "ChessBase"]
[SourceDate "2019.10.17"]
[SourceVersion "1"]
[SourceVersionDate "2019.10.17"]
[SourceQuality "1"]
[WhiteTeam "Agrupacion"]
[BlackTeam "Huesca Club Atletismo"]
[WhiteTeamCountry "ESP"]
[BlackTeamCountry "ESP"]

1. e4 c5 2. Nf3 e6 3. b3 Nc6 4. Bb2 d6 5. Bb5 Bd7 6. 0-0 Nf6 7. Re1 Be7 8. d3 0-0 9. Nbd2 a6 10. Bxc6 Bxc6 11. e5 dxe5 12. Nxe5 Qc7 13. Nxc6 Qxc6 14. c4 Rad8 15. Re3 Rd7 16. Rg3 Rfd8 17. Qe2 Kh8 18. Nf3 Bd6 19. Rh3 Bf4 20. Be5 Bxe5 21. Nxe5 Qd6 22. Nxd7 Rxd7 23. Re1 h6 24. Qe5 Qb6 25. Qf4 Qa5 26. Re2 Qc3 27. g4 Rxd3 28. Rxd3 Qxd3 29. Rd2 Qh3 30. f3 Qh4 31. Rd8+ Kh7 32. Qd2 e5 33. Qf2 Qg5 34. Rd1 e4 35. h3 exf3 36. Qxf3 g6 37. Rf1 Kg7 38. Qf4 Qh4 39. Kg2 h5 40. g5 Qxf4 41. Rxf4 Nh7 42. h4 Nf8 43. Re4 Ne6 44. Re5 Kf8 45. Kf3 Ke7 46. Rd5 b6 47. Ke4 a5 48. a3 Nd4 49. b4 axb4 50. axb4 Ne6 51. bxc5 bxc5 52. Ke5 Nd4 53. Rxc5 Nf3+ 54. Kd5 Nxh4 55. Rc7+ Ke8 56. c5 Nf5 57. Ra7 h4 58. Ra8+ Kd7 59. c6+ Kc7 60. Ra7+ Kd8 61. Rxf7 Ne3+ 62. Kd6 Nf5+ 63. Rxf5 gxf5 64. g6 1-0

[Event "Aragon-chT Preferente A"]
[Site "Aragon"]
[Date "2017.03.25"]
[Round "9.51"]
[White "Moreno Martin Viveros, Alvaro"]
[Black "Mombiela de Sus, Jose Luis"]
[Result "1/2-1/2"]
[WhiteElo "1881"]
[BlackElo "1911"]
[PlyCount "115"]
[EventDate "2017.01.28"]
[EventType "team-tourn"]
[EventRounds "9"]
[EventCountry "ESP"]
[SourceTitle "EXT 2018"]
[Source "ChessBase"]
[SourceDate "2017.10.13"]
[SourceVersion "1"]
[SourceVersionDate "2017.10.13"]
[SourceQuality "1"]
[WhiteTeam "Agrupacion III"]
[BlackTeam "Las Fuentes"]
[WhiteTeamCountry "ESP"]
[BlackTeamCountry "ESP"]

1. e4 d5 2. exd5 Nf6 3. Bb5+ Bd7 4. Bc4 Bg4 5. f3 Bc8 6. Nc3 Nbd7 7. Nge2 a6 8. Bb3 Nb6 9. Nf4 g6 10. d4 Bg7 11. 0-0 0-0 12. Re1 Bf5 13. Ne4 Nfxd5 14. Nxd5 Nxd5 15. c3 a5 16. a4 c6 17. Qe2 Be6 18. Nc5 Bc8 19. Bxd5 Qxd5 20. Qxe7 b6 21. Ne4 Bd7 22. Nf6+ Bxf6 23. Qxf6 Qf5 24. Qd6 Rfe8 25. Bh6 Re6 26. Rxe6 Qxe6 27. Bf4 Rc8 28. Kf2 Qxd6 29. Bxd6 Be6 30. b4 axb4 31. cxb4 Bc4 32. Rc1 Bd5 33. b5 f6 34. Bb4 Kf7 35. a5 bxa5 36. Bxa5 Ra8 37. bxc6 Rxa5 38. c7 Be6 39. c8Q Bxc8 40. Rxc8 Ra2+ 41. Ke3 Rxg2 42. Rc7+ Ke6 43. Rxh7 Ra2 44. Rh8 Ra3+ 45. Ke4 Ra4 46. Re8+ Kf7 47. Rb8 Ra6 48. Rb7+ Ke6 49. Rg7 g5 50. d5+ Kd6 51. Rf7 Ra4+ 52. Kf5 Rf4+ 53. Kg6 Ke5 54. d6 Rxf3 55. d7 Rd3 56. Kg7 Ke6 57. Rxf6+ Kxd7 58. Rh6 1/2-1/2

[Event "Platja d'Aro op 4th"]
[Site "Platja d'Aro"]
[Date "2016.06.28"]
[Round "5"]
[White "Moreno Martin Viveros, Alvaro"]
[Black "Lorca Cortada, David"]
[Result "0-1"]
[WhiteElo "1877"]
[BlackElo "2047"]
[PlyCount "134"]
[EventDate "2016.06.25"]
[EventType "swiss"]
[EventRounds "9"]
[EventCountry "ESP"]
[SourceTitle "EXT 2017"]
[Source "ChessBase"]
[SourceDate "2016.10.25"]
[SourceVersion "1"]
[SourceVersionDate "2016.10.25"]
[SourceQuality "1"]

1. d4 Nf6 2. Nf3 e6 3. e3 Be7 4. Bd3 b6 5. 0-0 Bb7 6. Nbd2 c5 7. b3 cxd4 8. exd4 0-0 9. Bb2 Nc6 10. a3 d5 11. Qe2 Rc8 12. Ne5 Bd6 13. f4 Rc7 14. Rf3 g6 15. Rh3 Re8 16. Qf2 Bf8 17. Rd1 Bg7 18. g4 Nxe5 19. fxe5 Nxg4 20. Qh4 h5 21. Nf3 Qe7 22. Qg3 Rec8 23. Bc1 Rxc2 24. Bxc2 Rxc2 25. Qh4 Qc7 26. Bd2 Ba6 27. Rg3 Bd3 28. h3 Nh6 29. Bxh6 Bxh6 30. Qf6 Bg7 31. Qf4 Bf5 32. Nh4 Be4 33. Rf1 Rb2 34. Rc1 Rc2 35. Rf1 b5 36. Ng2 Bf5 37. Nh4 Be4 38. Ng2 a5 39. Nh4 b4 40. a4 Qa7 41. Rd1 Kh7 42. Nf3 Kg8 43. Ng5 Bf5 44. h4 Qa6 45. Re3 Qa7 46. Qf1 Bf8 47. Qe1 Bg4 48. Rd2 Rc3 49. Rdd3 Rc6 50. Qf2 Bh6 51. Qf6 Qc7 52. Qf4 Rc1+ 53. Kg2 Rc2+ 54. Kg3 Bf5 55. Rf3 Bxg5 56. hxg5 Bxd3 57. Rxd3 Rc3 58. Rf3 Rxf3+ 59. Kxf3 Qc3+ 60. Qe3 Qc2 61. Kg3 Kf8 62. Kf3 Ke7 63. Kg3 Qd1 64. Qf4 Qxb3+ 65. Kh4 Qc2 66. Qf6+ Ke8 67. Qh8+ Kd7 0-1

[Event "Zaragoza Primavera op 3rd"]
[Site "Zaragoza"]
[Date "2015.05.31"]
[Round "7"]
[White "Moreno Martin Viveros, Alvaro"]
[Black "Lorente Latorre, Antonio"]
[Result "1-0"]
[WhiteElo "1838"]
[BlackElo "1627"]
[PlyCount "75"]
[EventDate "2015.04.12"]
[EventType "swiss"]
[EventRounds "9"]
[EventCountry "ESP"]
[SourceTitle "EXT 2016"]
[Source "ChessBase"]
[SourceDate "2015.10.08"]
[SourceVersion "1"]
[SourceVersionDate "2015.10.08"]
[SourceQuality "1"]

1. e4 e5 2. Nf3 Nc6 3. Nc3 Nf6 4. d4 exd4 5. Nxd4 Bb4 6. Nxc6 Bxc3+ 7. bxc3 bxc6 8. Bd3 0-0 9. Bg5 h6 10. Bh4 Re8 11. 0-0 d6 12. h3 g5 13. Bg3 Nxe4 14. Qh5 Kg7 15. Bxe4 Rxe4 16. f4 Be6 17. f5 Bc4 18. f6+ Kh7 19. Rfe1 Rxe1+ 20. Rxe1 Qxf6 21. Re3 Bxa2 22. Qg4 Be6 23. Qe4+ Qg6 24. Qxc6 Rb8 25. Qxc7 Rb1+ 26. Kh2 d5 27. Qxa7 Rc1 28. Be5 Rxc2 29. Qb8 Qg8 30. Qc7 Qg6 31. Qe7 Rf2 32. Bd4 Rf1 33. Qd6 Qg8 34. Re2 Qg6 35. Rb2 Rf4 36. Rb8 Rxd4 37. cxd4 Qg7 38. Rb2 1-0